Modelovanie hybridných systémov reakcia-separácia na výrobu chemických špecialít
Uložené v:
| Hlavný autor: | |
|---|---|
| Ďalší autori: | |
| Médium: | Rukopis Kniha |
| Jazyk: | Slovak |
| Vydavateľské údaje: |
2021
|
| Predmet: | |
| On-line prístup: | http://is.stuba.sk/zp/portal_zp.pl?podrobnosti_zp=83440 |
| Tagy: |
Žiadne tagy, Buďte prvý, kto otaguje tento záznam!
|
MARC
| LEADER | 00000ntm a22000003a 4500 | ||
|---|---|---|---|
| 001 | stuzp83440 | ||
| 003 | SK-STU | ||
| 005 | 20220319210238.4 | ||
| 007 | ta | ||
| 008 | 150427s2015----xo-----f-mn---000-0-slo-d | ||
| 040 | |a STU |b slo | ||
| 041 | 0 | |a slo | |
| 100 | 1 | |a Mihaľ, Mário |u 040906 |k Z1 |4 aut |U FCHPT Dekanát |T FCHPT Projektové stredisko |X 21569 |U 040906 |Y 693 |7 A0000021569 | |
| 242 | 0 | 1 | |a Modelling of reaction-separation hybrid systems for production of speciality chemicals |y eng |
| 245 | 1 | 0 | |a Modelovanie hybridných systémov reakcia-separácia na výrobu chemických špecialít |
| 260 | |c 2021 | ||
| 650 | 4 | |a hybridný systé |2 slo | |
| 650 | 4 | |a adsorpcia |2 slo | |
| 650 | 4 | |a membránová extrakcia |2 slo | |
| 650 | 4 | |a biotransformácia |2 slo | |
| 650 | 4 | |a 2-fenyletanol |2 slo | |
| 650 | 4 | |a mathematical modelling |2 eng | |
| 650 | 4 | |a 2-phenylethanol |2 eng | |
| 650 | 4 | |a adsorption, |2 eng | |
| 650 | 4 | |a hybrid system |2 eng | |
| 650 | 4 | |a membrane module |2 eng | |
| 650 | 4 | |a membrane extraction |2 eng | |
| 650 | 4 | |a biotransformation |2 eng | |
| 700 | 1 | |a , |4 ths |X null |7 null | |
| 856 | 4 | |u http://is.stuba.sk/zp/portal_zp.pl?podrobnosti_zp=83440 | |